Регионална библиотека "Любен Каравелов" - Русе

Обща електротехника (Запис номер 60270)

MARC детайли
000 -Лидер
Контролно поле с фиксирана дължина nam a22 a 4500
003 - Код на организацията, давaща контролен номер
Контролно поле BLK
005 - Дата и час на последна редакция
Контролно поле 20220503155659.0
008 - Елементи от данни с фиксирана дължина
fixed length control field 180408b bul|||||r ||||||| ||bul||
010 ## - Наследен системен номер
LC control number KNG00064415000
040 ## - Източник на каталожния запис
Идентификатор на билиотеката - собственик на записа BLK
041 ## - Код за език
Код за езика на текст/звукозапис или на отделно заглавие Български
Код за езика КДБФ Български
080 ## - УДК
Текстов определител УДК Електротехника
УДК код - определител по УДК 621.3
УДК определител (075.8)
УДК - код + определител 621.3(075.8)
100 ## - Редна дума - Автор
Автор Цветков, Димчо Николов
Авторска отговорност първи автор
R(LIN) 289568
139 ## - Редно поле
Редна дума Цветков, Димчо Николов
245 10 - Сведения за заглавието
Заглавие Обща електротехника
Подзаглавни данни Учубник за студентите от ВМЕИ В. И. Ленин - София
Редно поле (дума) Димчо Н. Цветков.
257 ## - Страна на издаване
Страна на създаване/издаване България
260 ## - Област на издателските данни
Място на издаване, разпространение и проч. София
Име на издателя, разпространителя и проч. Техника
Година на издаване 1982
Печатница Хасково : печ. Ат. Стратиев
300 ## - Физическа характеристика
Страници 624 с.
Илюстрации и др. със сх., табл. диагр.
Размери/Мащаб 23 см
380 ## - Жанр
Жанр Техника
504 ## - Забележка за наличие на библиография и др
Забележка за наличие на библиография и под. Библиогр. с. 619
650 #4 - Допълнително описание по предмет – тема
Основно описание – тема или топоним Електротехника - учебници за ВУЗ
9 (RLIN) 243545
653 ## - Ключова дума – ненормативна
Ключова дума електротехника
653 ## - Ключова дума – ненормативна
Ключова дума учебници за ВУЗ
852 ## - Местоположение
Форматна сигнатура Цб 117434
Фондова буква Хранилище
999 ## - СИСТЕМНИ КОНТРОЛНИ НОМЕРА
Koha biblionumber 60270
Koha biblioitemnumber 60270
942 ## - АРТИКУЛИ
Вид на библиотечния материал Книги
Скрит в OPAC Не
Периодичен библиозапис Да
944 ## - СЪЗДАВАНЕ И РЕДАКЦИЯ на ЗАПИСА
Създаване/Редакция Създаване
Дата на регистрацията/редакция 13.06.2004
Служител, извършил регистрацията/редакцията Читалня
944 ## - СЪЗДАВАНЕ И РЕДАКЦИЯ на ЗАПИСА
Създаване/Редакция Редакция
Дата на регистрацията/редакция 2022-05-03
Служител, извършил регистрацията/редакцията ГГГ
Наличности
Код за отписване Код за изгубен артикул Източник на класификационната схема Код за повреда Коз за рестрикции Код за отдаване Артикулен № Име на библиотеката - собственик Име на библиотеката, в която се намира в момента Статус (Текущо местоположение) Дата на вписване в системата Местоположение - отдел Цена в лева Инвентарен номер Систематично азбучна сигнатура Баркод Номер на екземпляра Цена в евро Служебна бележка Служебен тип на артикула
  Не е изгубен Universal Decimal Classification Не е повреден без рестрикции ползва се в читалня 99300 Регионална библиотека "Любен Каравелов" Русе Регионална библиотека "Любен Каравелов" Русе Читалня 1993-01-01 Читалня 3.00 472962 Ч 621.3/Ц 34 Д 120000472962 1 1.53 Дата инв: 24.03.2017 Бележки инв: Ч2017 Книги
  Не е изгубен Universal Decimal Classification Не е повреден само за читалня ползва се в читалня 99301 Регионална библиотека "Любен Каравелов" Русе Регионална библиотека "Любен Каравелов" Русе Хранилище 1982-01-01 Хранилище 3.00 362625 Цб 117434 120000362625 2 1.53 Вид: Сф N: стар фонд Дата: 01.01.1982 Книги
Изтеглен Не е изгубен Universal Decimal Classification Не е повреден без рестрикции заемане за дома 99302 Регионална библиотека "Любен Каравелов" Русе Регионална библиотека "Любен Каравелов" Русе Заемна - подръчен фонд 1982-01-01 Заемна - подръчен фонд 3.00 364730 621.3/Ц 34 364730 3 1.53 Вид: Сф N: стар фонд Дата: 01.01.1982 Книги
Изтеглен Не е изгубен Universal Decimal Classification Не е повреден без рестрикции заемане за дома 99303 Регионална библиотека "Любен Каравелов" Русе Регионална библиотека "Любен Каравелов" Русе Заемна - подръчен фонд 1982-01-01 Заемна - подръчен фонд 3.00 364732 621.3/Ц 34 364732 4 1.53 Вид: Сф N: стар фонд Дата: 01.01.1982 Книги
Изтеглен Не е изгубен Universal Decimal Classification Не е повреден без рестрикции заемане за дома 99304 Регионална библиотека "Любен Каравелов" Русе Регионална библиотека "Любен Каравелов" Русе Заемна - подръчен фонд 1982-01-01 Заемна - подръчен фонд 3.00 364733 621.3/Ц 34 364733 5 1.53 Вид: Сф N: стар фонд Дата: 01.01.1982 Книги
Vip Innovations Ltd, Rousse, Bulgaria 2025